<?xml version="1.0" encoding="UTF-8"?>
<record
    xmlns:xsi="http://www.w3.org/2001/XMLSchema-instance"
    xsi:schemaLocation="http://www.loc.gov/MARC21/slim http://www.loc.gov/standards/marcxml/schema/MARC21slim.xsd"
    xmlns="http://www.loc.gov/MARC21/slim">

  <leader>00444nam a22001817a 4500</leader>
  <datafield tag="999" ind1=" " ind2=" ">
    <subfield code="c">6933</subfield>
    <subfield code="d">6931</subfield>
  </datafield>
  <controlfield tag="005">20210904122544.0</controlfield>
  <controlfield tag="008">200608b        xxu||||| |||| 00| 0 eng d</controlfield>
  <datafield tag="020" ind1=" " ind2=" ">
    <subfield code="a">978-93-84852-61-0</subfield>
  </datafield>
  <datafield tag="041" ind1=" " ind2=" ">
    <subfield code="a">eng</subfield>
  </datafield>
  <datafield tag="082" ind1=" " ind2=" ">
    <subfield code="a">346.4202</subfield>
  </datafield>
  <datafield tag="100" ind1=" " ind2=" ">
    <subfield code="a">KAPOOR, DR, S.K.</subfield>
    <subfield code="9">5871</subfield>
  </datafield>
  <datafield tag="245" ind1=" " ind2=" ">
    <subfield code="a">LAW OF CONTRACT - II </subfield>
  </datafield>
  <datafield tag="250" ind1=" " ind2=" ">
    <subfield code="a">15th ed. 2019.</subfield>
  </datafield>
  <datafield tag="260" ind1=" " ind2=" ">
    <subfield code="a">ALLAHABAD </subfield>
    <subfield code="b">CENTRAL LAW AGENCY</subfield>
  </datafield>
  <datafield tag="300" ind1=" " ind2=" ">
    <subfield code="a">399,; xxxvp. </subfield>
  </datafield>
  <datafield tag="650" ind1=" " ind2=" ">
    <subfield code="a">LAW</subfield>
    <subfield code="9">5701</subfield>
  </datafield>
  <datafield tag="942" ind1=" " ind2=" ">
    <subfield code="c">BK</subfield>
  </datafield>
  <datafield tag="952" ind1=" " ind2=" ">
    <subfield code="0">0</subfield>
    <subfield code="1">0</subfield>
    <subfield code="4">0</subfield>
    <subfield code="7">0</subfield>
    <subfield code="8">LAW</subfield>
    <subfield code="a">JRU</subfield>
    <subfield code="b">JRU</subfield>
    <subfield code="c">SHELF-29-A</subfield>
    <subfield code="d">2020-06-20</subfield>
    <subfield code="e">PURCHESS</subfield>
    <subfield code="g">370.00</subfield>
    <subfield code="l">10</subfield>
    <subfield code="m">1</subfield>
    <subfield code="o">346.4202</subfield>
    <subfield code="p">24952</subfield>
    <subfield code="q">2026-05-12</subfield>
    <subfield code="r">2026-04-27 13:15:54</subfield>
    <subfield code="s">2026-04-27</subfield>
    <subfield code="w">2020-06-20</subfield>
    <subfield code="y">BK</subfield>
  </datafield>
  <datafield tag="952" ind1=" " ind2=" ">
    <subfield code="0">0</subfield>
    <subfield code="1">0</subfield>
    <subfield code="4">0</subfield>
    <subfield code="7">0</subfield>
    <subfield code="8">LAW</subfield>
    <subfield code="a">JRU</subfield>
    <subfield code="b">JRU</subfield>
    <subfield code="c">SHELF-29-A</subfield>
    <subfield code="d">2020-06-20</subfield>
    <subfield code="e">PURCHESS</subfield>
    <subfield code="g">370.00</subfield>
    <subfield code="l">8</subfield>
    <subfield code="o">346.4202</subfield>
    <subfield code="p">24953</subfield>
    <subfield code="r">2026-04-27 13:47:19</subfield>
    <subfield code="s">2026-04-13</subfield>
    <subfield code="w">2020-06-20</subfield>
    <subfield code="y">BK</subfield>
  </datafield>
  <datafield tag="952" ind1=" " ind2=" ">
    <subfield code="0">0</subfield>
    <subfield code="1">0</subfield>
    <subfield code="4">0</subfield>
    <subfield code="7">0</subfield>
    <subfield code="8">LAW</subfield>
    <subfield code="a">JRU</subfield>
    <subfield code="b">JRU</subfield>
    <subfield code="c">SHELF-29-A</subfield>
    <subfield code="d">2020-06-20</subfield>
    <subfield code="e">PURCHESS</subfield>
    <subfield code="g">370.00</subfield>
    <subfield code="l">10</subfield>
    <subfield code="m">4</subfield>
    <subfield code="o">346.4202</subfield>
    <subfield code="p">24954</subfield>
    <subfield code="q">2026-05-24</subfield>
    <subfield code="r">2026-04-27 12:20:31</subfield>
    <subfield code="s">2026-04-27</subfield>
    <subfield code="w">2020-06-20</subfield>
    <subfield code="y">BK</subfield>
  </datafield>
</record>
